000 00244 a2200085 4500
020 _a9780070577091
100 _a John O. Simonds
245 _aLandscape Architecture: A Manual of Site Planning and Design
260 _b McGraw-Hill Professional
_c1997
999 _c13296
_d13296